Catálogo

Vista normal Vista MARC

Entrada Personal Name

Número de registros utilizados en: 2

001 - CONTROL NUMBER

  • control field: 4005

003 - CONTROL NUMBER IDENTIFIER

  • control field: DLC

005 - DATE AND TIME OF LATEST TRANSACTION

  • control field: 20260220110159.0

008 - FIXED-LENGTH DATA ELEMENTS

  • fixed length control field: 870204n| acannaabn |a aaa c

010 ## - LIBRARY OF CONGRESS CONTROL NUMBER

  • LC control number: n 86148356

035 ## - SYSTEM CONTROL NUMBER

  • System control number: (OCoLC)oca01781840

040 ## - CATALOGING SOURCE

  • Original cataloging agency: TxU
  • Language of cataloging: spa
  • Transcribing agency: Mx-PuUPA
  • Modifying agency: DLC
  • Modifying agency: OCoLC
  • Modifying agency: Mx-PuUPA
  • Description conventions: rda

100 1# - HEADING--PERSONAL NAME

  • Personal name: Valdés Ugalde, Francisco,

374 ## - OCCUPATION

  • Occupation: Autor

375 ## - GENDER

  • Gender: hombre

377 ## - ASSOCIATED LANGUAGE

  • Language code: spa

400 1# - SEE FROM TRACING--PERSONAL NAME

  • Personal name: Ugalde, Francisco Valdés

400 1# - SEE FROM TRACING--PERSONAL NAME

  • Personal name: Valdés, Francisco
  • Fuller form of name: (Valdés Ugalde)

670 ## - SOURCE DATA FOUND

  • Source citation: His Una aproximación al análisis de las relaciones entre empres. y gobier. en México, 1970-1976, 1982?:
  • Information found: t.p. (Francisco Valdés Ugalde)

670 ## - SOURCE DATA FOUND

  • Source citation: His Acerca del Estado, 1983:
  • Information found: t.p. (Francisco Valdés)